Súčasná zbožnosť - mŕtva veličina?

Bibliographic Details
Main Author: Mocker, Marek (Author)
Format: Article
Language:Slovak
Subjects:

MARC

LEADER 00000nab a2200000 ar4500
001 vtls008625828
003 SK-MaSNL
005 20260303071904.0
008 060224c2005 xo mr|p|||||||000 b|slo
015 |a SNBRB2006/02  |2 snkbucl 
038 |a SNKBUCL 
040 |a SNKBUCL  |b slo  |c SNKBUCL  |e AACR2 
041 0 |a slo 
044 |a xo  |c SK 
080 |a 316.74:2  |2 2001 
080 |a 211:316  |2 2001 
100 1 |a Mocker, Marek  |4 aut  |9 541961 
245 1 0 |a Súčasná zbožnosť - mŕtva veličina?  |c Marek Mocker 
650 0 7 |a sociológia náboženstva  |2 snkbucl  |9 1015 
650 0 7 |a náboženstvo  |z Slovensko  |2 snkbucl  |9 996092 
650 0 7 |a náboženstvo  |z Česko  |2 snkbucl  |9 1071152 
773 0 |t Knihy a spoločnosť  |g Roč. 2, č. 5 (2005), s. 5  |x 1336-5584 
852 |a SNK  |b KIS3GCP 
999 |c 1761842  |d 1763772